[Event "IECC O-3440"]
[Site "IECC email"]
[Date "2012.05.01"]
[Round "?"]
[White "Laramore, Victor"]
[Black "McCready, Mark John"]
[Result "1-0"]
[WhiteElo "1830"]
[BlackElo "1673"]
[PlyCount "73"]
[EventDate "2012.??.??"]
[EventType "swiss (corr)"]
[EventRounds "2"]
[SourceTitle "Telechess CBM 165"]
[Source "ChessBase"]
[SourceDate "2015.03.11"]
[SourceVersion "1"]
[SourceVersionDate "2015.03.11"]
[SourceQuality "1"]
[WhiteTeam "US of America"]
[BlackTeam "England"]
[WhiteTeamCountry "USA"]
[BlackTeamCountry "ENG"]

1. e4 e6 2. d4 d5 3. Nd2 dxe4 4. Nxe4 Bd7 5. Nf3 Bc6 6. Bd3 Nd7 7. 0-0 Ngf6 8. Ng3 Be7 9. Re1 0-0 10. a3 a5 11. Bd2 b5 12. Bg5 h6 13. Bxf6 Bxf6 14. Be4 Bd5 15. Bxd5 exd5 16. Qd3 Rb8 17. Qf5 c6 18. Qf4 c5 19. Nf5 b4 20. Rad1 bxa3 21. bxa3 c4 22. Ne5 Qc7 23. Qg3 Kh7 24. Ng6 Rfc8 25. Nf4 Nb6 26. Re7 Qxe7 27. Nxe7 Bxe7 28. Nh5 Bf8 29. Kf1 c3 30. Rb1 Rb7 31. Qd3+ Kg8 32. Qa6 Rcb8 33. Nf4 Bxa3 34. Rb5 Be7 35. Nd3 Bd8 36. Ne5 Re7 37. Nc6 1-0

[Event "IECC O-3424"]
[Site "IECC email"]
[Date "2012.03.18"]
[Round "?"]
[White "Laramore, Victor"]
[Black "McCready, Mark John"]
[Result "1-0"]
[WhiteElo "1818"]
[BlackElo "1740"]
[PlyCount "55"]
[EventDate "2012.??.??"]
[EventType "swiss (corr)"]
[EventRounds "2"]
[SourceTitle "Telechess CBM 165"]
[Source "ChessBase"]
[SourceDate "2015.03.11"]
[SourceVersion "1"]
[SourceVersionDate "2015.03.11"]
[SourceQuality "1"]
[WhiteTeam "US of America"]
[BlackTeam "England"]
[WhiteTeamCountry "USA"]
[BlackTeamCountry "ENG"]

1. e4 e6 2. d4 d5 3. Nc3 Nf6 4. Bg5 Bb4 5. e5 h6 6. Bd2 Bxc3 7. bxc3 Ne4 8. Qg4 g6 9. Bc1 Nxc3 10. Bd3 c5 11. dxc5 Nd7 12. c6 bxc6 13. Bd2 Ne4 14. Bxe4 dxe4 15. Qxe4 Qc7 16. Nf3 Ba6 17. Rd1 Rb8 18. c4 Rb2 19. 0-0 Rxa2 20. Ra1 Rxa1 21. Rxa1 Bc8 22. Ba5 Qb7 23. Qe3 Nb6 24. Nd2 Qa6 25. Ne4 Nd7 26. Qf4 Rh7 27. Nf6+ Nxf6 28. exf6 1-0

[Event "IECC O-3404"]
[Site "IECC email"]
[Date "2012.01.19"]
[Round "?"]
[White "McCready, Mark John"]
[Black "Laramore, Victor"]
[Result "0-1"]
[WhiteElo "1801"]
[BlackElo "1790"]
[PlyCount "72"]
[EventDate "2012.??.??"]
[EventType "swiss (corr)"]
[EventRounds "2"]
[SourceTitle "Telechess CBM 165"]
[Source "ChessBase"]
[SourceDate "2015.03.11"]
[SourceVersion "1"]
[SourceVersionDate "2015.03.11"]
[SourceQuality "1"]
[WhiteTeam "England"]
[BlackTeam "US of America"]
[WhiteTeamCountry "ENG"]
[BlackTeamCountry "USA"]

1. e4 e6 2. d3 c5 3. Nd2 Nc6 4. Ngf3 d5 5. g3 g6 6. Bg2 Nf6 7. 0-0 Bg7 8. Re1 0-0 9. c3 Re8 10. Qe2 b6 11. Nf1 Ba6 12. e5 Nd7 13. Bf4 Rc8 14. h4 b5 15. a3 Qb6 16. N1h2 h5 17. g4 hxg4 18. Nxg4 Ne7 19. Nh6+ Kf8 20. Nxf7 Kxf7 21. Ng5+ Kg8 22. h5 Nf8 23. Kh2 Nf5 24. Bh3 b4 25. hxg6 Nxg6 26. Bxf5 exf5 27. Qh5 Re7 28. Qh7+ Kf8 29. e6 Nxf4 30. Qxf5+ Ke8 31. Qxf4 bxc3 32. bxc3 Qb8 33. Qxb8 Rxb8 34. Rab1 Rxb1 35. Rxb1 Be5+ 36. Kh3 Bxd3 0-1

[Event "IECC O-3359"]
[Site "IECC email"]
[Date "2011.08.18"]
[Round "?"]
[White "Laramore, Victor"]
[Black "Khan, Shams Pehlwan"]
[Result "1-0"]
[WhiteElo "1756"]
[BlackElo "1950"]
[PlyCount "159"]
[EventDate "2011.??.??"]
[EventType "swiss (corr)"]
[EventRounds "2"]
[SourceTitle "Telechess CBM 149"]
[Source "ChessBase"]
[SourceDate "2012.07.17"]
[SourceVersion "1"]
[SourceVersionDate "2012.07.17"]
[SourceQuality "1"]
[WhiteTeam "US of America"]
[BlackTeam "India"]
[WhiteTeamCountry "USA"]
[BlackTeamCountry "IND"]

1. e4 d5 2. exd5 Nf6 3. Nf3 Nxd5 4. d4 Bg4 5. Bb5+ Nc6 6. c4 Ndb4 7. a3 Bxf3 8. gxf3 Qxd4 9. axb4 0-0-0 10. Qb3 Qe5+ 11. Qe3 Qxe3+ 12. fxe3 Nxb4 13. Rxa7 Kb8 14. Ra5 c6 15. Ba4 g6 16. Ke2 Bg7 17. Bd2 Nd3 18. b4 b6 19. Rg5 Bf6 20. Rg4 h5 21. Rg2 Rd6 22. Nc3 Nb2 23. Bb3 Rhd8 24. Ne4 Rd3 25. Bc2 R3d7 26. c5 Nc4 27. Bc1 Bb2 28. f4 f5 29. Bb3 Bxc1 30. Bxc4 Ba3 31. Nf2 Rd2+ 32. Kf3 Rc2 33. Be6 bxc5 34. bxc5 Rdd2 35. Rf1 Re2 36. Rxg6 Bxc5 37. Nd1 Rxh2 38. Bxf5 Rc1 39. Rxc6 h4 40. Be4 Rh3+ 41. Kg4 Rh2 42. Rh6 Rd2 43. Bf3 Ra2 44. Rxh4 Kc8 45. Rfh1 Kd7 46. R4h2 Rxh2 47. Rxh2 Bd6 48. Rh7 Bc5 49. Be2 Kc6 50. Kf3 Rc2 51. Bd3 Ra2 52. Be4+ Kb6 53. Nc3 Ra3 54. Nd5+ Kb5 55. Bf5 Ra7 56. Nc3+ Kc4 57. Ne4 Bb4 58. Rh8 Kb5 59. Rb8+ Ka5 60. Be6 Ra6 61. Bd5 Rh6 62. Ke2 Rh5 63. Bc4 Rh1 64. Rb5+ Ka4 65. Rb6 Ka3 66. Ra6+ Kb2 67. Ra2+ Kb1 68. Ra4 Rh2+ 69. Kf1 Bd6 70. Ke1 Rg2 71. Kd1 Rh2 72. Nxd6 exd6 73. Rb4+ Ka1 74. Kc1 Rh1+ 75. Kc2 Rh2+ 76. Kc3 Ra2 77. Bxa2 Kxa2 78. Ra4+ Kb1 79. e4 d5 80. exd5 1-0

[Event "IECC O-3355"]
[Site "IECC email"]
[Date "2011.08.05"]
[Round "?"]
[White "Michas, John"]
[Black "Laramore, Victor"]
[Result "0-1"]
[WhiteElo "1700"]
[BlackElo "1731"]
[PlyCount "26"]
[EventDate "2011.??.??"]
[EventType "swiss (corr)"]
[EventRounds "2"]
[SourceTitle "Corr 2020"]
[Source "ChessBase"]
[SourceDate "2019.09.30"]
[SourceVersion "1"]
[SourceVersionDate "2019.09.30"]
[SourceQuality "1"]
[WhiteTeam "Australia"]
[BlackTeam "United States"]
[WhiteTeamCountry "AUS"]
[BlackTeamCountry "USA"]

1. e4 e5 2. f4 exf4 3. Nf3 g5 4. h4 g4 5. Ne5 Qe7 6. d4 d6 7. Nxg4 Qxe4+ 8. Qe2 Qe7 9. Qxe7+ Bxe7 10. Be2 Nc6 11. c3 h5 12. Nf2 Nf6 13. Bxf4 Nd5 0-1

[Event "IECC O-3336"]
[Site "IECC email"]
[Date "2011.06.02"]
[Round "?"]
[White "Basson, Heinrich"]
[Black "Laramore, Victor"]
[Result "0-1"]
[WhiteElo "1731"]
[BlackElo "1718"]
[PlyCount "68"]
[EventDate "2011.??.??"]
[EventType "swiss (corr)"]
[EventRounds "2"]
[SourceTitle "Telechess CBM 145"]
[Source "Chessbase"]
[SourceDate "2011.11.11"]
[SourceVersion "1"]
[SourceVersionDate "2011.11.11"]
[SourceQuality "1"]
[WhiteTeam "South Africa"]
[BlackTeam "US of America"]
[WhiteTeamCountry "RSA"]
[BlackTeamCountry "USA"]

1. d4 Nf6 2. c4 e6 3. Nc3 Bb4 4. a3 Bxc3+ 5. bxc3 b6 6. Nf3 Bb7 7. Bg5 h6 8. Bh4 d6 9. e3 Nbd7 10. Bd3 g5 11. Bg3 h5 12. h4 g4 13. Ng5 Bxg2 14. Rg1 Bc6 15. f4 gxf3 16. e4 f2+ 17. Bxf2 Qe7 18. Qf3 Ng4 19. Bg3 f6 20. Nh3 0-0-0 21. Qe2 e5 22. 0-0-0 Rhe8 23. Rde1 exd4 24. cxd4 d5 25. cxd5 Qxa3+ 26. Kb1 Qb3+ 27. Kc1 Bxd5 28. Nf4 Bf7 29. Qb2 Nc5 30. dxc5 Rxd3 31. cxb6 Qc4+ 32. Qc2 Rc3 33. Rg2 axb6 34. Nxh5 Bxh5 0-1

[Event "IECC O-3324"]
[Site "IECC email"]
[Date "2011.04.20"]
[Round "?"]
[White "Laramore, Victor"]
[Black "Basson, Heinrich"]
[Result "1-0"]
[WhiteElo "1709"]
[BlackElo "1762"]
[PlyCount "109"]
[EventDate "2011.??.??"]
[EventType "swiss (corr)"]
[EventRounds "2"]
[SourceTitle "Telechess CBM 145"]
[Source "Chessbase"]
[SourceDate "2011.11.11"]
[SourceVersion "1"]
[SourceVersionDate "2011.11.11"]
[SourceQuality "1"]
[WhiteTeam "US of America"]
[BlackTeam "South Africa"]
[WhiteTeamCountry "USA"]
[BlackTeamCountry "RSA"]

1. e4 e5 2. Nf3 Nc6 3. Bb5 a6 4. Ba4 Nf6 5. 0-0 Be7 6. Re1 0-0 7. Bxc6 dxc6 8. Nxe5 Re8 9. Nf3 Bg4 10. Nc3 Qd7 11. h3 Bh5 12. d3 Rad8 13. Bf4 h6 14. a3 Bc5 15. Rc1 Bd4 16. Be3 c5 17. Ra1 b6 18. a4 Qe6 19. Qe2 c6 20. a5 b5 21. Red1 Qd7 22. Kh1 Qe6 23. Re1 Qd6 24. g4 Bg6 25. Kg2 Nd7 26. Qd2 Bf6 27. Bf4 Qe6 28. Bc7 Rc8 29. Bg3 Rcd8 30. e5 Be7 31. Ne2 Bg5 32. Nxg5 hxg5 33. f3 f6 34. exf6 Qxf6 35. Nc3 Rf8 36. Qf2 b4 37. Na4 Bf7 38. Nb6 Bd5 39. Bc7 Nxb6 40. axb6 Rd7 41. Re3 Rdf7 42. Kg1 c4 43. dxc4 Bxc4 44. Qd2 Bd5 45. Qxb4 Qh6 46. Qd6 Rf6 47. Qh2 c5 48. Raa3 Bb7 49. Qg2 Re6 50. Qf1 Rxe3 51. Rxe3 Qc6 52. Qc4+ Kh8 53. Qe4 Rxf3 54. Qxc6 Bxc6 55. Re6 1-0

[Event "IECC O-3299"]
[Site "IECC email"]
[Date "2011.03.05"]
[Round "?"]
[White "Michael, Holger"]
[Black "Laramore, Victor"]
[Result "0-1"]
[WhiteElo "1551"]
[BlackElo "1687"]
[PlyCount "66"]
[EventDate "2011.??.??"]
[EventType "swiss (corr)"]
[EventRounds "2"]
[SourceTitle "Telechess CBM 145"]
[Source "Chessbase"]
[SourceDate "2011.11.11"]
[SourceVersion "1"]
[SourceVersionDate "2011.11.11"]
[SourceQuality "1"]
[WhiteTeam "Germany"]
[BlackTeam "US of America"]
[WhiteTeamCountry "GER"]
[BlackTeamCountry "USA"]

1. e4 e5 2. Nf3 Nc6 3. Bc4 Bc5 4. 0-0 Nf6 5. d4 Bxd4 6. Nxd4 Nxd4 7. f4 d6 8. fxe5 dxe5 9. Bg5 Bg4 10. Bxf6 Bxd1 11. Bxd8 Rxd8 12. Rxd1 Nxc2 13. Nc3 Nxa1 14. Rxa1 c6 15. Rd1 Rxd1+ 16. Nxd1 Ke7 17. Kf2 Rd8 18. Be2 a5 19. Ne3 b5 20. Nf5+ Kf6 21. Ke3 g6 22. Nh6 Rd4 23. Ng8+ Ke6 24. g4 Rb4 25. b3 a4 26. Bd1 a3 27. g5 c5 28. Nf6 c4 29. bxc4 bxc4 30. Nd5 Rb2 31. Nc3 Kd6 32. h4 Kd7 33. Ba4+ Ke7 0-1

[Event "IECC O-3162"]
[Site "IECC email"]
[Date "2010.06.06"]
[Round "?"]
[White "Lampon, Mario"]
[Black "Laramore, Victor"]
[Result "1-0"]
[WhiteElo "1681"]
[BlackElo "1602"]
[PlyCount "85"]
[EventDate "2010.??.??"]
[EventType "swiss (corr)"]
[EventRounds "2"]
[SourceTitle "Telechess CBM 149"]
[Source "ChessBase"]
[SourceDate "2012.07.17"]
[SourceVersion "1"]
[SourceVersionDate "2012.07.17"]
[SourceQuality "1"]
[WhiteTeam "Spain"]
[BlackTeam "US of America"]
[WhiteTeamCountry "ESP"]
[BlackTeamCountry "USA"]

1. e4 e5 2. Nf3 Nc6 3. Bb5 a6 4. Bxc6 dxc6 5. 0-0 f6 6. d4 Bg4 7. h3 Bxf3 8. Qxf3 Qxd4 9. Rd1 Qc4 10. Be3 Ne7 11. Qg4 f5 12. Nd2 Qxc2 13. Qh5+ g6 14. Qh4 Rd8 15. Qf6 Rg8 16. Rac1 Qxb2 17. Nf3 Rxd1+ 18. Rxd1 Qxa2 19. Qxe5 fxe4 20. Ng5 Qa4 21. Rf1 h6 22. Ne6 Qb3 23. Bd4 b6 24. Re1 c5 25. Ba1 Qd3 26. Rxe4 a5 27. Re3 Qd7 28. Qe4 Qc6 29. Qc4 Kd7 30. Rd3+ Nd5 31. Rxd5+ Bd6 32. Ng7 Qa8 33. Be5 Kc6 34. Qe4 Kd7 35. Bxd6 cxd6 36. Qe6+ Kc7 37. Qe7+ Kb8 38. Rxd6 Qb7 39. Rd7 Qxd7 40. Qxd7 a4 41. Ne8 Rxe8 42. Qxe8+ Kb7 43. Qe4+ 1-0

[Event "IECC O-3092"]
[Site "IECC email"]
[Date "2010.02.15"]
[Round "?"]
[White "Lewen, Geoffrey David"]
[Black "Laramore, Victor"]
[Result "1-0"]
[WhiteElo "1513"]
[BlackElo "1598"]
[PlyCount "123"]
[EventDate "2010.??.??"]
[EventType "swiss (corr)"]
[EventRounds "2"]
[SourceTitle "Telechess CBM 149"]
[Source "ChessBase"]
[SourceDate "2012.07.17"]
[SourceVersion "1"]
[SourceVersionDate "2012.07.17"]
[SourceQuality "1"]
[WhiteTeam "US of America"]
[BlackTeam "US of America"]
[WhiteTeamCountry "USA"]
[BlackTeamCountry "USA"]

1. c4 e5 2. Nc3 Nf6 3. Nf3 Nc6 4. g3 Bb4 5. Bg2 0-0 6. Nd5 Bc5 7. d3 Nxd5 8. cxd5 Nd4 9. Nd2 d6 10. e3 Nf5 11. Nc4 b5 12. Na5 Bb4+ 13. Bd2 Bxd2+ 14. Qxd2 a6 15. Nc6 Qd7 16. 0-0 Ne7 17. a4 bxa4 18. Rxa4 f6 19. Rfa1 h5 20. Rb4 Nxc6 21. dxc6 Qf7 22. Ra5 Be6 23. Rba4 Rfb8 24. Rxa6 Rxa6 25. Rxa6 h4 26. b4 d5 27. Ra5 h3 28. Bf1 Qe7 29. b5 Bg4 30. d4 Qd6 31. Ra7 Be6 32. Qe2 g6 33. g4 e4 34. f4 g5 35. f5 Bf7 36. Bxh3 Kg7 37. Bf1 Rc8 38. Qe1 Kf8 39. Qc3 Kg8 40. Qc5 Qd8 41. Rb7 Kg7 42. Qb4 Kg8 43. Qe1 Qd6 44. h4 Be8 45. Ra7 Kf8 46. h5 Kg7 47. Kg2 Kh6 48. Qc3 Rb8 49. Qc5 Bxc6 50. Qxc6 Qxc6 51. bxc6 Rb2+ 52. Kg1 Rc2 53. Ra5 Rc3 54. Kf2 Kg7 55. Rc5 Rb3 56. Rxd5 Rb2+ 57. Be2 Kh6 58. Rc5 Kg7 59. Ke1 Rb1+ 60. Bd1 Rb8 61. Bc2 Ra8 62. Kd2 1-0

[Event "IECC O-3069"]
[Site "IECC email"]
[Date "2009.12.13"]
[Round "?"]
[White "Maltez, Nuno Manuel Fidalgo"]
[Black "Laramore, Victor"]
[Result "1-0"]
[WhiteElo "1537"]
[BlackElo "1600"]
[PlyCount "83"]
[EventDate "2009.??.??"]
[EventType "swiss (corr)"]
[EventRounds "2"]
[SourceTitle "Corr 2013"]
[Source "ChessBase"]
[SourceDate "2012.11.12"]
[SourceVersion "1"]
[SourceVersionDate "2012.11.12"]
[SourceQuality "1"]
[WhiteTeam "Belgium"]
[BlackTeam "US of America"]
[WhiteTeamCountry "BEL"]
[BlackTeamCountry "USA"]

1. e4 e6 2. d4 d5 3. Nc3 Nf6 4. e5 Nfd7 5. f4 c5 6. Nf3 Qb6 7. Be3 a6 8. a3 Nc6 9. dxc5 Bxc5 10. Na4 Qa5+ 11. b4 Qxa4 12. bxc5 Qa5+ 13. Qd2 Qxd2+ 14. Kxd2 f6 15. exf6 Nxf6 16. Bd3 0-0 17. Rab1 Ng4 18. Rhe1 g6 19. h3 Nxe3 20. Kxe3 Rf7 21. Ne5 Nxe5 22. fxe5 Rc7 23. Kd4 Bd7 24. Rf1 Bc6 25. Rf6 Re7 26. g4 Rf8 27. g5 Kg7 28. h4 Rg8 29. Rh1 Be8 30. Be2 Ba4 31. Bg4 Bc6 32. h5 gxh5 33. Rxh5 Bd7 34. Rfh6 Kf8 35. Rf6+ Kg7 36. Rhh6 Rge8 37. c6 bxc6 38. Kc5 Kg8 39. Kd6 Rg7 40. g6 Rxg6 41. Rhxg6+ hxg6 42. Kxd7 1-0

[Event "IECC O-2925"]
[Site "IECC email"]
[Date "2009.03.23"]
[Round "?"]
[White "Laramore, Victor"]
[Black "Howells, Stephen Wyn"]
[Result "1-0"]
[WhiteElo "1544"]
[BlackElo "1533"]
[PlyCount "45"]
[EventDate "2009.??.??"]
[EventType "swiss (corr)"]
[EventRounds "2"]
[SourceTitle "Corr 2011"]
[Source "ChessBase"]
[SourceDate "2010.08.31"]
[SourceVersion "1"]
[SourceVersionDate "2010.08.31"]
[SourceQuality "1"]
[WhiteTeam "US of America"]
[BlackTeam "Wales"]
[WhiteTeamCountry "USA"]
[BlackTeamCountry "WLS"]

1. e4 c5 2. Nf3 g6 3. d4 cxd4 4. Nxd4 Nc6 5. c4 Nf6 6. Nc3 d6 7. Nxc6 bxc6 8. c5 Bg7 9. cxd6 exd6 10. Bf4 d5 11. exd5 Nxd5 12. Nxd5 Qxd5 13. Qxd5 cxd5 14. Bb5+ Bd7 15. Bxd7+ Kxd7 16. 0-0-0 Rac8+ 17. Kb1 d4 18. Rd3 Rc4 19. Rhd1 Kc6 20. Re1 Kd7 21. Rb3 Kc6 22. Re7 h5 23. Rc7+ 1-0

[Event "IECC O-2923"]
[Site "IECC email"]
[Date "2009.03.22"]
[Round "?"]
[White "Hausman, Jack"]
[Black "Laramore, Victor"]
[Result "1/2-1/2"]
[WhiteElo "1445"]
[BlackElo "1563"]
[PlyCount "170"]
[EventDate "2009.??.??"]
[EventType "swiss (corr)"]
[EventRounds "2"]
[SourceTitle "Telechess CBM 137"]
[Source "ChessBase"]
[SourceDate "2010.07.15"]
[SourceVersion "1"]
[SourceVersionDate "2010.07.15"]
[SourceQuality "1"]
[WhiteTeam "US of America"]
[BlackTeam "US of America"]
[WhiteTeamCountry "USA"]
[BlackTeamCountry "USA"]

1. g3 e5 2. Bg2 Nf6 3. c4 c6 4. d4 exd4 5. Qxd4 d5 6. cxd5 cxd5 7. Nf3 Nc6 8. Qa4 Bc5 9. Nc3 0-0 10. Bg5 h6 11. Bxf6 Qxf6 12. 0-0 Be6 13. e4 dxe4 14. Nxe4 Qe7 15. Rac1 Bb6 16. a3 Rad8 17. Rfe1 Nd4 18. Nxd4 Rxd4 19. Qc2 Rc8 20. Qb1 Qd7 21. Rxc8+ Qxc8 22. b4 Qc4 23. Qc1 Qxc1 24. Rxc1 Rd3 25. a4 Rb3 26. a5 Bd8 27. Nc5 Rxb4 28. Nxb7 Be7 29. Rd1 Rb2 30. Be4 g6 31. Rc1 Bh3 32. f4 Bf6 33. Nd6 Rd2 34. Nc4 Bd4+ 35. Kh1 Re2 36. Bd5 Bc5 37. Ne5 Rd2 38. Bf3 Bd4 39. Nc6 Be3 40. Re1 Rf2 41. Bd5 Kg7 42. Ne5 Rd2 43. Bf3 Bd4 44. Nc4 Rc2 45. Bd5 Bc5 46. Ne5 Rd2 47. Bf3 f6 48. Nc6 Rf2 49. Bd5 g5 50. Nd8 gxf4 51. Ne6+ Bxe6 52. Bxe6 f3 53. Rd1 f5 54. Bxf5 Ra2 55. Bg4 f2 56. Kg2 Rxa5 57. Kf1 Kf6 58. Rd5 Ra1+ 59. Rd1 Rxd1+ 60. Bxd1 Kf5 61. Ba4 Kg4 62. Kg2 Kg5 63. Bc2 a5 64. Ba4 Kf5 65. Bc6 Ke5 66. Kf1 Kd6 67. Be8 Bd4 68. h4 Ke5 69. Bc6 Kf5 70. Kg2 Ke6 71. Kf1 Ke5 72. Bd7 Ke4 73. Ke2 Be3 74. Be8 Ke5 75. Kf1 Bc5 76. Bc6 Kd6 77. Ba4 Ke6 78. Bc6 Kf5 79. Bb5 Bb6 80. Bc6 Ba7 81. Ba4 Be3 82. Bc6 Bb6 83. Bd7+ Ke4 84. Ke2 Ke5 85. Bc6 Be3 1/2-1/2

[Event "IECC O-2846"]
[Site "IECC email"]
[Date "2008.10.14"]
[Round "?"]
[White "Laramore, Victor"]
[Black "Akins, Craig"]
[Result "0-1"]
[WhiteElo "1511"]
[BlackElo "1338"]
[PlyCount "120"]
[EventDate "2008.??.??"]
[EventType "swiss (corr)"]
[EventRounds "2"]
[SourceTitle "Corr 2013"]
[Source "ChessBase"]
[SourceDate "2012.11.12"]
[SourceVersion "1"]
[SourceVersionDate "2012.11.12"]
[SourceQuality "1"]
[WhiteTeam "Australia"]
[BlackTeam "Canada"]
[WhiteTeamCountry "AUS"]
[BlackTeamCountry "CAN"]

1. e4 e5 2. Nf3 Nc6 3. Bb5 g6 4. c3 a6 5. Ba4 Bg7 6. d4 exd4 7. cxd4 d5 8. exd5 Qxd5 9. 0-0 Nge7 10. Nc3 Qd6 11. d5 Bxc3 12. dxc6 b5 13. Qxd6 cxd6 14. bxc3 bxa4 15. Re1 Be6 16. Nd4 0-0 17. Bg5 Rfe8 18. Rad1 Nd5 19. Nxe6 Rxe6 20. Rxe6 fxe6 21. c4 Nb4 22. c7 Rc8 23. Bd8 d5 24. a3 Nc6 25. cxd5 Nxd8 26. d6 Nb7 27. f4 Kf7 28. Kf2 h5 29. g3 Kf6 30. Ke3 Nxd6 31. Rxd6 Rxc7 32. Kd2 Rb7 33. Rxa6 Rb2+ 34. Ke3 Rb3+ 35. Kd4 Rxa3 36. Ra8 Ra2 37. Rf8+ Kg7 38. Ra8 Rxh2 39. Rxa4 Rh3 40. Ra3 Kf6 41. Re3 h4 42. gxh4 Rxh4 43. Re4 Kf5 44. Re5+ Kxf4 45. Rxe6 Kf5+ 46. Kd5 Ra4 47. Re5+ Kf4 48. Re1 g5 49. Rf1+ Ke3 50. Re1+ Kf3 51. Rf1+ Kg2 52. Rd1 g4 53. Rd2+ Kh3 54. Rd1 g3 55. Rh1+ Kg2 56. Rh8 Kg1 57. Rg8 g2 58. Kc5 Kf2 59. Kb5 Ra3 60. Rf8+ Rf3 0-1

[Event "IECC O-2844"]
[Site "IECC email"]
[Date "2008.10.11"]
[Round "?"]
[White "Dettmann, Terry"]
[Black "Laramore, Victor"]
[Result "1/2-1/2"]
[WhiteElo "1636"]
[BlackElo "1492"]
[PlyCount "84"]
[EventDate "2008.??.??"]
[EventType "swiss (corr)"]
[EventRounds "2"]
[SourceTitle "Corr 2013"]
[Source "ChessBase"]
[SourceDate "2012.11.12"]
[SourceVersion "1"]
[SourceVersionDate "2012.11.12"]
[SourceQuality "1"]
[WhiteTeam "Australia"]
[BlackTeam "Canada"]
[WhiteTeamCountry "AUS"]
[BlackTeamCountry "CAN"]

1. e4 c6 2. Nf3 d5 3. exd5 Qxd5 4. Be2 Nf6 5. 0-0 e6 6. Nc3 Qa5 7. d4 Bd6 8. Nd2 Qc7 9. g3 0-0 10. Nde4 Nxe4 11. Nxe4 e5 12. Nxd6 Qxd6 13. dxe5 Qxe5 14. c3 Bh3 15. Re1 Qf5 16. Bf4 Nd7 17. Bd3 Qd5 18. Be4 Qxd1 19. Raxd1 Nf6 20. Bf3 Rfe8 21. Be5 Bg4 22. Kg2 Nd7 23. Bxg4 Nxe5 24. Bd7 Nxd7 25. Rxe8+ Rxe8 26. Rxd7 Rb8 27. Kf3 g6 28. g4 h6 29. h4 Kf8 30. Kf4 Ke8 31. Rc7 Kf8 32. b4 a5 33. bxa5 Ra8 34. Rxb7 Rxa5 35. Rb2 Ra4+ 36. Kg3 Ke7 37. f3 Ke6 38. Re2+ Kd6 39. Rd2+ Ke5 40. Re2+ Kd6 41. Rd2+ Ke5 42. Re2+ Kd6 1/2-1/2

[Event "IECC O-2822"]
[Site "IECC email"]
[Date "2008.08.22"]
[Round "?"]
[White "Palozzi, Sebastian"]
[Black "Laramore, Victor"]
[Result "0-1"]
[WhiteElo "1399"]
[BlackElo "1488"]
[PlyCount "34"]
[EventDate "2008.??.??"]
[EventType "swiss (corr)"]
[EventRounds "2"]
[SourceTitle "Corr 2013"]
[Source "ChessBase"]
[SourceDate "2012.11.12"]
[SourceVersion "1"]
[SourceVersionDate "2012.11.12"]
[SourceQuality "1"]
[WhiteTeam "Australia"]
[BlackTeam "Canada"]
[WhiteTeamCountry "AUS"]
[BlackTeamCountry "CAN"]

1. e4 e6 2. d3 c5 3. Nf3 Nc6 4. g3 d5 5. Nbd2 Nf6 6. Bg2 Be7 7. 0-0 0-0 8. Re1 b6 9. e5 Nd7 10. Nf1 Qc7 11. Bf4 Ba6 12. h4 Rae8 13. N1h2 Kh8 14. Qd2 Rg8 15. Rad1 Bb7 16. c3 d4 17. cxd4 cxd4 0-1

[Event "IECC O-2804"]
[Site "IECC email"]
[Date "2008.06.30"]
[Round "?"]
[White "Goti, Javier"]
[Black "Laramore, Victor"]
[Result "0-1"]
[WhiteElo "1400"]
[BlackElo "1411"]
[PlyCount "50"]
[EventDate "2008.??.??"]
[EventType "swiss (corr)"]
[EventRounds "2"]
[SourceTitle "Corr 2013"]
[Source "ChessBase"]
[SourceDate "2012.11.12"]
[SourceVersion "1"]
[SourceVersionDate "2012.11.12"]
[SourceQuality "1"]
[WhiteTeam "Australia"]
[BlackTeam "Canada"]
[WhiteTeamCountry "AUS"]
[BlackTeamCountry "CAN"]

1. e4 c5 2. Nf3 d6 3. d4 cxd4 4. Nxd4 Nf6 5. Nc3 a6 6. Bg5 Nc6 7. f4 Ng4 8. Qd2 h6 9. Bh4 g5 10. fxg5 hxg5 11. Bg3 Qb6 12. Na4 Qxd4 13. Qxd4 Nxd4 14. 0-0-0 Nxc2 15. Bd3 Nb4 16. Bb1 Be6 17. Nc3 Rc8 18. Kd2 Bg7 19. Rc1 Bd4 20. Nd5 Rxc1 21. Rxc1 Nxd5 22. Rc4 Be3+ 23. Kd3 Nf4+ 24. Bxf4 Bxc4+ 25. Kxc4 Bxf4 0-1

[Event "IECC O-2794"]
[Site "IECC email"]
[Date "2008.06.09"]
[Round "?"]
[White "Laramore, Victor"]
[Black "Subasic, Emil"]
[Result "1-0"]
[WhiteElo "1403"]
[BlackElo "1300"]
[PlyCount "37"]
[EventDate "2008.??.??"]
[EventType "swiss (corr)"]
[EventRounds "2"]
[SourceTitle "Corr 2013"]
[Source "ChessBase"]
[SourceDate "2012.11.12"]
[SourceVersion "1"]
[SourceVersionDate "2012.11.12"]
[SourceQuality "1"]
[WhiteTeam "Australia"]
[BlackTeam "Canada"]
[WhiteTeamCountry "AUS"]
[BlackTeamCountry "CAN"]

1. e4 c5 2. Nf3 f5 3. exf5 d5 4. Ne5 Nf6 5. Bb5+ Bd7 6. Nxd7 Nbxd7 7. d4 c4 8. 0-0 a6 9. Bxd7+ Qxd7 10. Qf3 g6 11. fxg6 hxg6 12. Nc3 Bg7 13. Qg3 Qf5 14. Qc7 b5 15. Qc6+ Kf7 16. Re1 b4 17. Nd1 Ng4 18. h3 Qxf2+ 19. Nxf2 1-0

[Event "IECC O-2768"]
[Site "IECC email"]
[Date "2008.04.04"]
[Round "?"]
[White "Paluch, Andrzej"]
[Black "Laramore, Victor"]
[Result "1/2-1/2"]
[WhiteElo "1337"]
[BlackElo "1414"]
[PlyCount "120"]
[EventDate "2008.??.??"]
[EventType "swiss (corr)"]
[EventRounds "2"]
[SourceTitle "Corr 2013"]
[Source "ChessBase"]
[SourceDate "2012.11.12"]
[SourceVersion "1"]
[SourceVersionDate "2012.11.12"]
[SourceQuality "1"]
[WhiteTeam "Australia"]
[BlackTeam "Canada"]
[WhiteTeamCountry "AUS"]
[BlackTeamCountry "CAN"]

1. d4 d5 2. Nf3 Nf6 3. c4 e6 4. Nc3 Bb4 5. e3 0-0 6. cxd5 exd5 7. Bd3 Nc6 8. 0-0 g6 9. Bd2 a5 10. Rc1 Re8 11. a3 Bd6 12. Re1 Ne7 13. e4 dxe4 14. Nxe4 Nxe4 15. Bxe4 c6 16. Qb3 a4 17. Qd3 Qb6 18. Bc3 Be6 19. Ng5 Bf4 20. Bd2 Bxd2 21. Qxd2 Bd5 22. Re2 Bxe4 23. Nxe4 Nd5 24. Rce1 Red8 25. Nc5 Kg7 26. Kh1 Qb5 27. h4 h6 28. Re5 Ra7 29. Ne4 Qa5 30. Qc1 Qb6 31. Nc5 Qc7 32. Qd1 b6 33. Nxa4 Rda8 34. Nc3 Nxc3 35. bxc3 Rxa3 36. c4 Qd6 37. d5 Qf6 38. Qd4 c5 39. Qg4 R8a4 40. h5 b5 41. hxg6 Rxc4 42. Qe2 Kxg6 43. Re7 Kg7 44. Rb7 Rh4+ 45. Kg1 b4 46. Rd7 Ra1 47. Rxf7+ Kxf7 48. Qe8+ Kg7 49. Qd7+ Kg6 50. Qe8+ Kg5 51. Qg8+ Kf5 52. Qc8+ Kg6 53. Qe8+ Qf7 54. Qc6+ Kg5 55. Rxa1 Qh5 56. f4+ Kxf4 57. Qf6+ Ke3 58. Re1+ Kd3 59. Qf1+ Kd4 60. Qf6+ Kc4 1/2-1/2